000 00406nam a22001697a 4500
003 SGT
020 _a978-93-86649-22-5
082 _a610.72
_bR21K
100 _aKOTHARI, C.R
245 _aRESEARCH METHODLOGY
250 _a4TH
260 _aNEW DELHI
_bNEW AGE INTERNATIONAL
_c2021
300 _a458
650 _aAYURVEDA
653 _aRESEARCH , RESEARCH METHODLOGY, METHODLOGY
942 _2ddc
_cBK
_022
999 _c21592
_d21592